000 00529nam a2200193Ia 4500
003 OSt
005 20260128105952.0
008 210210b1955 xxu||||| |||| 00| 0 eng d
040 _cAL
041 _aKannada
082 _a854/50
100 _aKRASHNAMURTI (K)
_9162582
245 _aKannada kavyalankara:
_bಕನ್ನಡ ಕಾವ್ಯಾಲಂಕಾರ
260 _aMaisuru
_bSharada Mandira
_c1955
650 _aKannada Criticism
_9162583
690 _aKannada Criticism
_9162583
906 _a019901
942 _2ddc
_cBK
999 _c144051
_d144051